Statistics for United States Borders Quiz

Click here to take the quiz!

General Stats

  • This quiz has been taken 548 times
  • The average score is 16 of 20

Answer Stats

Hint Answer % Correct
Oregon, IdahoWashington
92%
Virginia, South CarolinaNorth Carolina
89%
New Mexico, Oklahoma, LouisianaTexas
89%
Idaho, North DakotaMontana
88%
Nevada, ArizonaCalifornia
86%
Minnesota, IllinoisWisconsin
85%
Massachusetts, ConnecticutRhode Island
84%
Georgia, AlabamaFlorida
83%
Alabama, KentuckyTennessee
81%
Missouri, ColoradoKansas
81%
Colorado, NevadaUtah
80%
New HampshireMaine
80%
Ohio, New YorkPennsylvania
79%
Minnesota, Missouri, NebraskaIowa
79%
Oregon, MontanaIdaho
77%
Indiana, Ohio, WisconsinMichigan
77%
Indiana, IowaIllinois
76%
Missouri, LouisianaArkansas
75%
Texas, Arkansas, MississippiLouisiana
75%
Pennsylvania, New YorkNew Jersey
68%

Score Distribution

Percentile by Number Answered

Percent of People with Each Score

Your Score History

You have not taken this quiz